书目信息 |
| 题名: |
古代汉语(下册)
|
|
| 作者: | 郭锡良 编著 | |
| 分册: | ||
| 出版信息: | 北京 商务印书馆 1999.01 |
|
| 页数: | 1126页 | |
| 开本: | 32开 | |
| 丛书名: | ||
| 单 册: | ||
| 中图分类: | H109.2 | |
| 科图分类: | ||
| 主题词: | 汉语 | |
| 电子资源: | ||
| ISBN: | 7-100-02784-5 | |
| 000 | 00547nam0 2200193 45 | |
| 001 | 0009152054 | |
| 005 | 20000915203026.5 | |
| 010 | @a7-100-02784-5@d27.00元 | |
| 100 | @a20000915d1999 km y0chiy0120 ea | |
| 101 | 0 | @achi |
| 105 | @a z 000yy | |
| 200 | 1 | @a古代汉语(下册)@AGu Dai Han Yu(Xia Ce)@f郭锡良等编著@FGuo Xi Liang Deng Bian Zhu |
| 210 | @a北京@c商务印书馆@d1999.01 | |
| 215 | @a1126页@d32开 | |
| 606 | 0 | @a汉语 |
| 690 | @aH109.2@v3 | |
| 701 | 0 | @a郭锡良@4编著 |
| 801 | @aCN@bPftUser@c20000915 | |
| 905 | @b144695-699@dH109.2@eG464:2@f5 | |
| 古代汉语(下册)/郭锡良等编著.-北京:商务印书馆,1999.01 |
| 1126页;32开 |
| ISBN 7-100-02784-5:27.00元 |
| ● |
| 相关链接 |
|
|
|
正题名:古代汉语(下册)
索取号:H109.2/G464:2
 
预约/预借
| 序号 | 登录号 | 条形码 | 馆藏地/架位号 | 状态 | 备注 |
| 1 | 144695 | 201446952 | 语言库209/209语言库 70排2列4层/ [索取号:H109.2/G464:2] | 在馆 | |
| 2 | 144696 | 201446961 | 语言库209/209语言库 70排2列4层/ [索取号:H109.2/G464:2] | 在馆 | |
| 3 | 144697 | 201446970 | 语言库209/209语言库 70排2列4层/ [索取号:H109.2/G464:2] | 在馆 | |
| 4 | 144698 | 201446989 | 语言库209/209语言库 70排2列4层/ [索取号:H109.2/G464:2] | 在馆 | |
| 5 | 144699 | 201446998 | 语言库209/209语言库 70排2列4层/ [索取号:H109.2/G464:2] | 在馆 |